| 000 | 00867nac a22002291u 4500 | ||
|---|---|---|---|
| 010 | _a 87017393 | ||
| 020 | _a0831111496 : | ||
| 082 | 0 | 0 |
_a620.0044 _bK351 |
| 090 |
_c5009 _d5009 |
||
| 100 | _aKennedy, Clifford W., | ||
| 245 | 1 | 0 |
_aInspection and gaging : _ba training manual and reference work that discusses the place of inspection in industry ... / _cClifford W. Kennedy, Edward G. Hoffman, Steven D. Bond. |
| 250 | _a6th ed. | ||
| 260 |
_aNew York, N.Y. : _bIndustrial Press, _cc1987. |
||
| 300 |
_a654 p. : _bill. ; _c24 cm. |
||
| 500 | _aIncludes index. | ||
| 650 | 0 | _aEngineering inspection. | |
| 650 | 0 | _aGages. | |
| 700 | 1 | _aHoffman, Edward G. | |
| 700 | 1 | _aBond, Steven D. | |
| 942 |
_cNB _k620.0044K351 |
||
| 999 |
_c5009 _d5009 |
||